| 000 | 01095nam a22002537a 4500 | ||
|---|---|---|---|
| 005 | 20170124103203.0 | ||
| 010 | _aB-102985 | ||
| 020 |
_c600.00 _a818860013 |
||
| 035 | _aB-102985 | ||
| 037 | _bCen Lib/Ret | ||
| 040 |
_aDPL _bHN |
||
| 082 |
_a503 _bपृथ्वीप |
||
| 245 |
_aपृथ्वी पर जीवन / _cसम्पादक रमणिका राधे तुंग |
||
| 246 |
_aPrithvi par jeevan / _bsampadak Ramnika Radhe Tung |
||
| 260 |
_aदिल्ली _bसाक्षरा प्रकाशन _c2003 |
||
| 270 |
_a1/2165, रामनगर पूर्वी, गली नं.16, शाहदरा _bदिल्ली _e110032 |
||
| 300 |
_a404पृ. : _c23सेमी(सजिल्द) _bसचित्र |
||
| 650 |
_aजीवन -- विज्ञान _992846 |
||
| 650 |
_aजीवन -- आदमी _91541 |
||
| 650 |
_aLife - Science _992847 |
||
| 650 |
_aLife - Man _992848 |
||
| 700 |
_aतुंग, रमणिका राधे _992849 |
||
| 942 |
_2ddc _cHN _h503 _mपृथ्वीप |
||
| 999 |
_c120832 _d120832 |
||